U.S. National Parks – Sudden Death - Statistics

General Stats
  • This quiz has been taken 42,722 times
    42,374 since last reset
  • The average score is 7 of 20
Answers on the Grid
Answers color-coded by a green-red scale on the quiz's grid according to % correct below.
Acadia
Adirondack
Arches
Big Sur
Cape Cod
Death Valley
Denali
Devil's Tower
Everglades
Glacier
Golden Gate
Grand Canyon
Grand Teton
Great Salt Lake
Great Smoky Mountains
Hot Springs
Joshua Tree
Lake Tahoe
Mammoth Cave
Mesa Verde
Mojave Desert
Mount Rainier
Niagara Falls
Rocky Mountain
Shenandoah
Sierra Nevada
Sleeping Bear Dunes
White Mountain
White Sands
Yellowstone
Yosemite
Yukon
Zion
 
Answer Stats
Answer % Correct
Acadia
58%
Grand Canyon
54%
Yosemite
51%
Everglades
50%
Death Valley
49%
Yellowstone
48%
Denali
39%
Arches
38%
Glacier
38%
Grand Teton
35%
Zion
35%
Joshua Tree
34%
Great Smoky Mountains
32%
Mammoth Cave
26%
Rocky Mountain
24%
Shenandoah
23%
Mount Rainier
22%
Hot Springs
21%
White Sands
18%
Mesa Verde
15%
No matching quizzes found
Score Distribution
Percent of People with Each Score
Percentile by Number Answered
Your Score History
You have not taken this quiz since the last reset